[Event "Enschede op-E U14"]
[Site "Enschede"]
[Date "2009.08.04"]
[Round "2"]
[White "Wissink, Jacob"]
[Black "Tromp, Lonneke"]
[Result "1-0"]
[WhiteElo "811"]
[BlackElo "425"]
[PlyCount "44"]
[EventDate "2009.08.03"]
[EventType "swiss"]
[EventRounds "9"]
[EventCountry "NED"]
[SourceTitle "CBM 132 Extra"]
[Source "ChessBase"]
[SourceDate "2009.11.03"]
[SourceVersion "1"]
[SourceVersionDate "2009.11.03"]
[SourceQuality "1"]

1. e4 e5 2. Nf3 Nc6 3. Nc3 Nf6 4. Bc4 d5 5. Bxd5 Bc5 6. Bxc6+ bxc6 7. 0-0 0-0 8. d3 Ba6 9. Nxe5 Bd4 10. Nxc6 Qd6 11. Nxd4 Qxd4 12. Be3 Qe5 13. Nd5 Ng4 14. Qxg4 Rfe8 15. Bh6 Re6 16. Bf4 h6 17. Bxe5 Rxe5 18. Nxc7 h5 19. Qf4 Ra5 20. Nxa6 Rxa6 21. d4 Rb6 22. b3 a5 1-0